01224nam a22001577a 4500008004100000020001500041050001200056100002600068245013600094260004500230300003800275505068700313650001901000700002501019700002201044110928t xxu||||| |||| 00| 0 eng d a0070283087 aD22.G72 aGoucher, Candice Lee  aStudy guide to accompany in the balance : themes in global history vol 2 /cCandice Lee Goucher; Charles A Le Guin; Linda A Walton aBoston, Mass. : bMcGraw-Hill, c©1998- avi, 248 p.bill., maps ; c24 cm. aContents: Transformation: Commerce and change in Asia, Europe and Africa, 750-1500 -- Commerce and change: The Creation of a global economy and the expansion of Europe -- Traditions and their transformations -- Boundaries, encounters and frontiers -- Crucible of change: Landscapes, culture and social life after 1500 -- Balance: Dual revolutions: Capitalist industrialism and the nation state -- The Tentacles of empire: The New imperialism and nationalisms in Asia, Africa and the Americas -- Culture, power and perspective: War and peace in the twentieth century -- Resistance, revolution and new global order -- The Crossroads of history: culture, identity and global community. aWorld history. a Le Guin, Charles A. aWalton, Linda A.